000 00941cam a22002897a 4500
003 CHAP
005 20220329142221.0
008 000223d1998 mx a r 00110 spa d
010 _a80047
011 _a81019
035 _a91478
040 _cCHAP
090 _aFolleto 15677
100 0 0 _aCabrera González, Delfina.
_916665
245 1 3 _aEl pequeño universo
_c/por Delfino Cabrera González
260 _aCd, Victoria, Tamps. :
_bUniversidad Autónoma de Tamaulipas. Subdirección de Extensión Universitaria,
_c1998.
300 _a48 p. :
_bilus.
590 _aBATCH-UPD
_b10
_c20130110
_lUCH01
_h0618
590 _aBATCH-UPD
_b10
_c20130410
_lUCH01
_h0300
590 _aBATCH-UPD
_b10
_c20130914
_lUCH01
_h0800
590 _aCONVERSION
_b10
_c20130109
_lUCH01
_h1344
650 1 4 _aPoesía mexicana.
_990146
901 _aBK
905 _aGuadalupe Pinto C.
942 _cFOLL
949 _aFolleto 15677
_bBC
_cFOLL
_d914781
_eTS1
_i91478
_sb
999 _c80047
_d80047